[Event "Graz Casino Open 2014"]
[Site "Graz AUT"]
[Date "2014.02.20"]
[Round "8.32"]
[White "Lei, Tingjie"]
[Black "Melkumyan, Hrant"]
[Result "0-1"]
[BlackTitle "GM"]
[WhiteElo "2346"]
[BlackElo "2589"]
[WhiteFideId "8605114"]
[BlackFideId "13302485"]
[EventDate "2014.02.14"]

1. d4 Nf6 2. c4 e6 3. g3 d5 4. Bg2 Be7 5. Nf3 O-O 6. Qc2 dxc4 7. Qxc4 a6 8. Qc2
Nc6 9. O-O Nxd4 10. Nxd4 Qxd4 11. Qxc7 Nd5 12. Bxd5 Bd8 13. Qc4 Qxd5 14. Qxd5
exd5 15. Rd1 Bf6 16. Nc3 Bxc3 17. bxc3 Be6 18. Be3 Rfc8 19. Bd4 b5 20. a4 bxa4
21. Rxa4 Bd7 22. Ra5 Bb5 23. Rd2 Rab8 24. Kg2 Bc4 25. Bc5 Rb1 26. Kf3 Re8 27.
Bd4 h5 28. h4 f6 29. Be3 Re5 30. Bd4 Re8 31. Be3 Kf7 32. Bf4 Rb3 33. Rc2 Kg6 34.
Rc5 Rb1 35. Rc7 a5 36. Ra7 a4 37. Rd2 d4 38. Rxd4 Bxe2+ 39. Kg2 Bb5 40. g4 hxg4
41. Bh2 Be2 42. Rdd7 Bf3+ 43. Kg3 Rg8 44. Rxa4 Rb5 45. Rc7 Rf5 46. Rf4 Rh5 47.
Rd4 Rgh8 48. Kf4 Rxh4 49. Bg3 R4h7 50. Ke3 Re8+ 51. Kd3 Rh1 52. Kc4 Rd1 53. Rxd1
Bxd1 54. Kd5 Bf3+ 55. Kd6 Re2 56. c4 Kh6 57. c5 g5 58. c6 f5 59. Be5 f4 60. Bd4
g3 61. fxg3 fxg3 62. Rf7 Bg4 63. Bc5 g2 64. c7 Re6+ 65. Kd5 Re1 66. Rf8 g1=Q 67.
Bxg1 Rxg1 68. Rh8+ Kg6 69. Rg8+ Kf7 70. c8=Q Rd1+ 71. Ke5 Re1+ 72. Kd4 Bxc8 73.
Rxg5 Ke6 74. Rb5 Bd7 75. Rh5 Ra1 76. Rh6+ Kf5 77. Rh8 Ra4+ 78. Kc3 Ke5 79. Rh5+
Bf5 80. Rh8 Ra3+ 81. Kb2 Rg3 82. Rd8 Be4 83. Rd7 Bd5 84. Rd8 Ke4 85. Rd7 Rg2+
86. Kc1 Ra2 87. Kb1 Rd2 88. Kc1 Ke3 89. Re7+ Kd3 90. Rh7 Rc2+ 91. Kb1 Ba2+ 92.
Ka1 Bc4 93. Rd7+ Kc3 94. Kb1 Rb2+ 95. Kc1 Ra2 96. Kb1 Ra8 97. Rc7 Rf8 0-1

[Event "Graz Casino Open 2014"]
[Site "Graz AUT"]
[Date "2014.02.20"]
[Round "8.33"]
[White "Bjerke, Silje"]
[Black "Minko, Vladimir"]
[Result "1-0"]
[WhiteTitle "WIM"]
[BlackTitle "FM"]
[WhiteElo "2181"]
[BlackElo "2310"]
[WhiteFideId "1502786"]
[BlackFideId "24146706"]
[EventDate "2014.02.14"]

1. e4 c5 2. Nf3 e6 3. d4 cxd4 4. Nxd4 Nc6 5. Nc3 Qc7 6. Be2 a6 7. Be3 Nf6 8. a3
Be7 9. O-O Ne5 10. f4 Nc4 11. Bxc4 Qxc4 12. e5 Nd5 13. Nxd5 Qxd5 14. Qg4 O-O 15.
f5 Qxe5 16. Rae1 d5 17. Bg5 Qc7 18. Bxe7 1-0

[Event "Graz Casino Open 2014"]
[Site "Graz AUT"]
[Date "2014.02.20"]
[Round "8.34"]
[White "Hauge, Lars Oskar"]
[Black "Wieser, Andreas1"]
[Result "1-0"]
[WhiteTitle "FM"]
[WhiteElo "2310"]
[BlackElo "2107"]
[WhiteFideId "1509276"]
[BlackFideId "1612174"]
[EventDate "2014.02.14"]

1. e4 c6 2. d4 d5 3. e5 c5 4. dxc5 Nc6 5. Nf3 Bg4 6. Nbd2 e6 7. h3 Bh5 8. Nb3
Bxf3 9. Qxf3 Nxe5 10. Bb5+ Nc6 11. c4 Ne7 12. O-O a6 13. Bxc6+ Nxc6 14. cxd5
Qxd5 15. Qxd5 exd5 16. Bg5 Be7 17. Bxe7 Kxe7 18. Rfe1+ Kf6 19. Rad1 Rhd8 20. Nd4
Rac8 21. Re3 Nxd4 22. Rxd4 Rxc5 23. Rf4+ Kg6 24. Rg3+ Kh5 25. Rxg7 Rc1+ 26. Kh2
Rd7 27. Rf6 Rc6 28. g4+ Kh4 29. Rf5 Rh6 30. Rgg5 1-0

[Event "Graz Casino Open 2014"]
[Site "Graz AUT"]
[Date "2014.02.20"]
[Round "8.37"]
[White "Nguyen, Thai Dai Van"]
[Black "Schreiner, Peter"]
[Result "1/2-1/2"]
[BlackTitle "IM"]
[WhiteElo "2175"]
[BlackElo "2487"]
[WhiteFideId "358878"]
[BlackFideId "1621645"]
[EventDate "2014.02.14"]

1. e4 c5 2. Nf3 Nc6 3. d4 cxd4 4. Nxd4 g6 5. c4 Nf6 6. Nc3 d6 7. Be2 Nxd4 8.
Qxd4 Bg7 9. Be3 O-O 10. Qd2 a5 11. O-O a4 12. Rac1 Qa5 13. f3 Be6 14. Nd5 Bxd5
15. Qxa5 Rxa5 16. cxd5 Nd7 17. Rc2 Nc5 18. Rb1 Rfa8 19. g3 Kf8 20. Kg2 Ke8 21.
Bd2 R5a7 22. Bb5+ Kd8 23. Bb4 Rc8 24. Rbc1 Raa8 25. h4 h5 26. f4 Nd7 27. Rxc8+
Rxc8 28. Rxc8+ Kxc8 1/2-1/2

[Event "Graz Casino Open 2014"]
[Site "Graz AUT"]
[Date "2014.02.21"]
[Round "9.1"]
[White "Melkumyan, Hrant"]
[Black "Ankit, R. Rajpara"]
[Result "1/2-1/2"]
[WhiteTitle "GM"]
[BlackTitle "IM"]
[WhiteElo "2589"]
[BlackElo "2455"]
[WhiteFideId "13302485"]
[BlackFideId "5023335"]
[EventDate "2014.02.14"]

1. d4 d5 2. c4 c6 3. cxd5 cxd5 4. Bf4 Nc6 5. e3 Nf6 6. Nc3 Bg4 7. Qb3 Na5 8.
Qa4+ Bd7 9. Qc2 e6 10. Bd3 Be7 11. h3 Rc8 12. Nf3 b5 13. a3 O-O 14. O-O Be8 15.
Ne5 a6 16. Rfc1 Nc4 17. Qe2 Nd7 18. Nxd7 Bxd7 19. a4 Qb6 20. axb5 axb5 21. b3
Na5 22. Qa2 Bb4 23. Qb2 Rc6 24. Ne2 Rfc8 25. Rxc6 Nxc6 26. Rc1 Be7 27. Bg3 1/2-1/2

[Event "Graz Casino Open 2014"]
[Site "Graz AUT"]
[Date "2014.02.21"]
[Round "9.2"]
[White "Li, Chao b"]
[Black "Ragger, Markus"]
[Result "1/2-1/2"]
[WhiteTitle "GM"]
[BlackTitle "GM"]
[WhiteElo "2697"]
[BlackElo "2646"]
[WhiteFideId "8604436"]
[BlackFideId "1610856"]
[EventDate "2014.02.14"]

1. d4 d5 2. c4 c6 3. cxd5 cxd5 4. Bf4 Nc6 5. e3 Nf6 6. Nc3 Bf5 7. Qb3 Na5 8.
Qa4+ Bd7 9. Qc2 e6 10. Bd3 Nc6 11. Qe2 Rc8 12. Nf3 Nb4 13. Bb1 Ne4 14. O-O Nxc3
15. bxc3 Rxc3 16. Ne5 Nc6 17. Qb2 Ra3 18. Qxb7 Nxe5 19. Bxe5 f6 20. Bf4 Qb6 21.
Qa8+ Qd8 22. Qb7 Qb6 23. Qxb6 axb6 24. Bc2 Rc3 25. Rfc1 Ba3 26. Bg6+ hxg6 27.
Rxc3 Bb2 28. Rac1 Ke7 29. Bc7 Bxc1 30. Rxc1 Rc8 31. f3 e5 32. Kf2 Be6 33. Rc6
Kd7 34. Rd6+ Ke7 35. Rc6 Kd7 36. Rd6+ Ke7 1/2-1/2

[Event "Graz Casino Open 2014"]
[Site "Graz AUT"]
[Date "2014.02.21"]
[Round "9.4"]
[White "Istratescu, Andrei"]
[Black "Berchtenbreiter, Maximilian"]
[Result "1-0"]
[WhiteTitle "GM"]
[BlackTitle "IM"]
[WhiteElo "2671"]
[BlackElo "2421"]
[WhiteFideId "1200372"]
[BlackFideId "24641120"]
[EventDate "2014.02.14"]

1. e4 e6 2. d4 d5 3. Nc3 Nf6 4. Bg5 dxe4 5. Nxe4 Be7 6. Bxf6 gxf6 7. Nf3 a6 8.
g3 f5 9. Ned2 O-O 10. Bg2 b5 11. a4 Bb7 12. O-O Nd7 13. axb5 axb5 14. Qe2 Qb8
15. Rxa8 Bxa8 16. Ra1 Rd8 17. c3 Bd5 18. Ne1 c6 19. Nd3 Qb7 20. Bxd5 cxd5 21. b4
Ra8 22. Qf1 Nb6 23. Nc5 Bxc5 24. bxc5 Nc4 25. Nf3 Ra4 26. Rb1 Qa6 27. Qc1 Kf8
28. Qh6+ Ke8 29. Qxh7 Ra1 30. Rxa1 Qxa1+ 31. Kg2 Qd1 32. Ne5 Nxe5 33. Qh8+ Ke7
34. Qxe5 Qc2 35. Qe3 f4 36. Qxf4 Qxc3 37. h4 b4 38. h5 b3 39. h6 Qc2 40. Qh4+
Kd7 41. h7 b2 42. h8=Q b1=Q 43. Q4d8+ 1-0

[Event "Graz Casino Open 2014"]
[Site "Graz AUT"]
[Date "2014.02.21"]
[Round "9.5"]
[White "Bachmann, Axel"]
[Black "Haznedaroglu, Kivanc"]
[Result "0-1"]
[WhiteTitle "GM"]
[BlackTitle "GM"]
[WhiteElo "2577"]
[BlackElo "2437"]
[WhiteFideId "3700488"]
[BlackFideId "6300634"]
[EventDate "2014.02.14"]

1. Nf3 Nf6 2. c4 e6 3. d4 d5 4. Bg5 Be7 5. e3 O-O 6. Nc3 h6 7. Bh4 Ne4 8. Bxe7
Qxe7 9. Rc1 Nxc3 10. Rxc3 dxc4 11. Bxc4 Nd7 12. O-O c5 13. Bb5 cxd4 14. Qxd4 Nf6
15. Qe5 a6 16. Be2 Bd7 17. Rc7 Qb4 18. h3 Rac8 19. Rfc1 Rxc7 20. Rxc7 Bc6 21. a3
Qb3 22. Nd4 Qxb2 23. Nxc6 Qxe2 24. Rxb7 Qe1+ 25. Kh2 Qxf2 26. Qf4 Qe2 27. Qd6
Qxe3 28. Ne7+ Kh7 29. Nf5 exf5 30. Qxf8 Qf4+ 31. Kg1 Ne4 32. Qxf7 Qf2+ 33. Kh2
Qg3+ 34. Kg1 Nd6 35. Qb3 Qe1+ 36. Kh2 Qe5+ 37. Kh1 Nxb7 38. Qxb7 Qa1+ 39. Kh2
Qxa3 40. Qd5 Qf8 41. h4 Qb8+ 42. Kh3 Qf4 0-1

[Event "Graz Casino Open 2014"]
[Site "Graz AUT"]
[Date "2014.02.21"]
[Round "9.6"]
[White "Baldauf, Marco"]
[Black "Can, Emre"]
[Result "1/2-1/2"]
[WhiteTitle "FM"]
[BlackTitle "GM"]
[WhiteElo "2396"]
[BlackElo "2520"]
[WhiteFideId "4688210"]
[BlackFideId "6302181"]
[EventDate "2014.02.14"]

1. d4 Nf6 2. c4 e6 3. Nc3 Bb4 4. f3 c5 5. d5 d6 6. e4 O-O 7. Ne2 b5 8. Ng3 a6 9.
Be2 bxc4 10. O-O Bxc3 11. bxc3 exd5 12. Bg5 Nbd7 13. Nh5 h6 14. Nxf6+ Nxf6 15.
Bxf6 Qxf6 16. Qxd5 Be6 17. Qd2 Qe7 18. Rfd1 Rfd8 19. Rab1 Qc7 20. Qc2 d5 21.
exd5 Bxd5 22. Qf5 Qe7 23. Rxd5 Qxe2 24. h3 Qe3+ 25. Kh2 Qxc3 26. Rb7 Rxd5 27.
Qxf7+ Kh8 28. Qxd5 Qd4 29. Rd7 Qxd5 30. Rxd5 Rc8 31. Kg3 c3 32. Rd3 Kh7 33. Rxc3
Kg6 34. Kf4 Kf6 35. Ra3 Rc6 36. Ke4 Ke6 37. f4 Rb6 38. Ra5 Kd6 39. a3 Rc6 40.
Kd3 Kd5 41. f5 Rb6 42. Kc3 g6 43. fxg6 Rxg6 44. g4 Rf6 45. h4 Rf3+ 46. Kc2 Rf4
47. Rxa6 Rxg4 48. Rxh6 Kc4 49. Rf6 Rxh4 50. Rf3 Rh2+ 1/2-1/2

[Event "Graz Casino Open 2014"]
[Site "Graz AUT"]
[Date "2014.02.21"]
[Round "9.7"]
[White "Diermair, Andreas"]
[Black "Ohme, Melanie"]
[Result "1/2-1/2"]
[WhiteTitle "IM"]
[BlackTitle "WGM"]
[WhiteElo "2459"]
[BlackElo "2330"]
[WhiteFideId "1612468"]
[BlackFideId "4690745"]
[EventDate "2014.02.14"]

1. b3 e5 2. Bb2 d6 3. e3 Nf6 4. d4 Nbd7 5. Nc3 c6 6. Qd2 Be7 7. O-O-O O-O 8. f3
b5 9. g4 b4 10. Na4 Nd5 11. Ne2 N7b6 12. Nxb6 axb6 13. Kb1 b5 14. e4 Bg5 15. f4
Nxf4 16. h4 Nxe2 17. hxg5 Nc3+ 18. Bxc3 bxc3 19. Qxc3 Bxg4 20. Rd3 exd4 21. Rxd4
Qxg5 22. Rxd6 Ra7 23. Rxc6 Rfa8 24. Rc5 Qe7 25. Bxb5 Rxa2 26. Ba4 R2xa4 27. bxa4
Qxe4 28. Rh4 Qg6 29. a5 h5 30. Rb5 Rc8 31. Qd3 Qe6 32. Rh2 g6 33. Rd2 Bf5 34.
Qd4 Qc6 35. Rb2 Qh1+ 36. Rd1 Qc6 37. Rd2 Qh1+ 38. Rd1 1/2-1/2

[Event "Graz Casino Open 2014"]
[Site "Graz AUT"]
[Date "2014.02.21"]
[Round "9.8"]
[White "Perhinig, Robert"]
[Black "Handler, Lukas"]
[Result "1/2-1/2"]
[WhiteTitle "FM"]
[BlackTitle "FM"]
[WhiteElo "2273"]
[BlackElo "2398"]
[WhiteFideId "1602888"]
[BlackFideId "1609580"]
[EventDate "2014.02.14"]

1. d4 Nf6 2. c4 e6 3. Nc3 Bb4 4. Nf3 d5 5. cxd5 exd5 6. Qc2 c5 7. Bg5 Nbd7 8. e3
Qa5 9. Bd3 c4 10. Bf5 O-O 11. O-O Re8 12. a3 Bxc3 13. Qxc3 Qxc3 14. bxc3 h6 15.
Bxf6 Nxf6 16. Bc2 Re6 17. Rfb1 Rb6 18. Rb4 Be6 19. Nd2 Rxb4 20. axb4 b6 21. f3
a5 22. e4 Kf8 23. Kf2 Ke7 24. h3 h5 25. Nf1 Bd7 26. Ne3 Bc6 27. b5 Bb7 28. e5
Ne8 29. f4 Nc7 30. Nf5+ Kf8 31. Nd6 Bc8 32. f5 Bd7 33. Ba4 Ne8 34. Nxe8 Rxe8 35.
g4 g6 36. f6 hxg4 37. hxg4 Bxg4 38. Kg3 Bf5 39. Kf4 Rd8 40. Rh1 Ke8 41. Rh7 Be6
42. Bc2 Kd7 43. Bxg6 Rf8 44. Bf5 a4 45. Rh2 a3 46. Ra2 Ra8 47. Kg5 Rg8+ 48. Kf4
Ra8 49. Kg5 Ra5 50. Kf4 1/2-1/2

[Event "Graz Casino Open 2014"]
[Site "Graz AUT"]
[Date "2014.02.21"]
[Round "9.9"]
[White "Schreiner, Peter"]
[Black "Neuschmied, Siegfried"]
[Result "1-0"]
[WhiteTitle "IM"]
[BlackTitle "FM"]
[WhiteElo "2487"]
[BlackElo "2212"]
[WhiteFideId "1621645"]
[BlackFideId "1602446"]
[EventDate "2014.02.14"]

1. Nf3 Nf6 2. g3 g6 3. b3 Bg7 4. Bb2 O-O 5. Bg2 d6 6. d4 c6 7. O-O Bf5 8. c4 Qa5
9. Qd2 Qa6 10. Nc3 Ne4 11. Nxe4 Bxe4 12. Bh3 Bxf3 13. exf3 d5 14. c5 e6 15. Rfc1
b6 16. Bf1 Qb7 17. b4 Nd7 18. f4 Rae8 19. a4 bxc5 20. bxc5 f6 21. Rab1 Qc7 22.
Bc3 Rb8 23. Ba5 Qc8 24. h4 Re8 25. Rxb8 Qxb8 26. Qc2 Qc8 27. Rb1 Nf8 28. Bh3 Qa6
29. Bc7 e5 30. fxe5 fxe5 31. dxe5 Bxe5 32. Re1 Bxg3 33. Rxe8 Bxc7 34. Be6+ 1-0

[Event "Graz Casino Open 2014"]
[Site "Graz AUT"]
[Date "2014.02.21"]
[Round "9.10"]
[White "Bachler, Reinhard"]
[Black "Barbosa, Evandro Amorim"]
[Result "0-1"]
[BlackTitle "IM"]
[WhiteElo "2205"]
[BlackElo "2459"]
[WhiteFideId "1600273"]
[BlackFideId "2115824"]
[EventDate "2014.02.14"]

1. Nf3 c5 2. g3 Nc6 3. Bg2 g6 4. c4 Bg7 5. O-O d6 6. Nc3 Qd7 7. a3 b6 8. Rb1 Bb7
9. d3 Nh6 10. Nd5 Nf5 11. b4 e6 12. Nf4 O-O 13. Bb2 e5 14. Nd5 Nfe7 15. bxc5
dxc5 16. e4 Qd6 17. Qd2 Rae8 18. Bc3 f5 19. a4 fxe4 20. dxe4 Nd4 21. Bxd4 exd4
22. Ne1 Ba6 23. Nxe7+ Rxe7 24. Qd3 g5 25. Nc2 Qe6 26. Na3 g4 27. Nb5 Rfe8 28.
Rbe1 Qg6 29. Re2 Bc8 30. Rfe1 h5 31. Na3 Bb7 32. Nb1 Bc6 33. Qc2 h4 34. gxh4 Be5
35. Nd2 Qd6 36. Nf1 d3 0-1

[Event "Graz Casino Open 2014"]
[Site "Graz AUT"]
[Date "2014.02.21"]
[Round "9.11"]
[White "Santiago, Yago De Moura"]
[Black "Kravanja, Georg"]
[Result "1-0"]
[WhiteTitle "IM"]
[WhiteElo "2451"]
[BlackElo "2184"]
[WhiteFideId "2103877"]
[BlackFideId "1622366"]
[EventDate "2014.02.14"]

1. d4 Nf6 2. c4 g6 3. Nc3 d5 4. Nf3 Bg7 5. h4 c6 6. Bg5 dxc4 7. Bxf6 Bxf6 8. e4
b5 9. e5 Bg7 10. h5 gxh5 11. a4 b4 12. Ne4 Be6 13. Nfg5 Bd5 14. Qxh5 Qb6 15. e6
Qxd4 16. exf7+ Kd7 17. Rd1 Qxb2 18. Bxc4 Kc8 19. Bxd5 Bc3+ 20. Kf1 cxd5 21. Ne6
dxe4 22. Qc5+ 1-0

[Event "Graz Casino Open 2014"]
[Site "Graz AUT"]
[Date "2014.02.21"]
[Round "9.12"]
[White "Schnider, Gert"]
[Black "Guo, Emma"]
[Result "1-0"]
[WhiteTitle "FM"]
[BlackTitle "WIM"]
[WhiteElo "2378"]
[BlackElo "1997"]
[WhiteFideId "1606310"]
[BlackFideId "3200795"]
[EventDate "2014.02.14"]

1. e4 e5 2. Nf3 Nc6 3. Bb5 a6 4. Ba4 Nf6 5. O-O Be7 6. Re1 b5 7. Bb3 O-O 8. c3
d5 9. exd5 Nxd5 10. Nxe5 Nxe5 11. Rxe5 Bb7 12. Qf3 Bd6 13. Bxd5 c6 14. Re1 cxd5
15. d4 Qh4 16. g3 Qh3 17. Bf4 Qf5 18. Kg2 Bxf4 19. Qxf4 Qxf4 20. gxf4 Rae8 21.
Nd2 Bc8 22. Re5 f6 23. Re3 Rxe3 24. fxe3 Re8 25. Kf2 Bf5 26. Nb3 Rb8 27. Ke2 Kf7
28. Kd2 g5 29. fxg5 fxg5 30. Rf1 Kg6 31. Nc5 Rb6 32. e4 dxe4 33. Re1 g4 34. Nxe4
Bxe4 35. Rxe4 Kf5 36. Ke3 Rh6 37. Rf4+ Kg5 38. Rf2 Re6+ 39. Kd3 h5 40. d5 Re8
41. b3 h4 42. c4 g3 43. hxg3 hxg3 44. Re2 Rf8 45. d6 bxc4+ 46. bxc4 Rf3+ 47. Kd4
Rf4+ 48. Kd5 Rf2 49. Re8 g2 50. Rg8+ Kf6 51. Kc6 Kf7 52. Rg3 Rxa2 53. d7 Ke7 54.
Re3+ Kf7 55. d8=Q g1=Q 56. Re7+ 1-0

[Event "Graz Casino Open 2014"]
[Site "Graz AUT"]
[Date "2014.02.21"]
[Round "9.13"]
[White "Legenstein, Robert"]
[Black "Prosviriakov, Vladimir"]
[Result "0-1"]
[BlackTitle "IM"]
[WhiteElo "2050"]
[BlackElo "2268"]
[WhiteFideId "1619667"]
[BlackFideId "2004860"]
[EventDate "2014.02.14"]

1. e4 d6 2. d4 Nf6 3. Nc3 e5 4. dxe5 dxe5 5. Qxd8+ Kxd8 6. Bg5 Be6 7. O-O-O+ Kc8
8. f4 exf4 9. Nge2 Nbd7 10. Nxf4 Bg4 11. Re1 Bd6 12. g3 Bf3 13. Bh3 Bxh1 14.
Bxf6 gxf6 15. Nfd5 Kd8 16. Rxh1 c6 17. Rd1 cxd5 18. Rxd5 Ke7 19. Nb5 Nb6 20.
Rxd6 Rhd8 21. Rxd8 Rxd8 22. Nxa7 Ra8 23. Nb5 Rxa2 24. Kb1 Ra8 25. b3 Rd8 26. Kc1
Nd7 27. Nc3 Kd6 28. Bf5 Nc5 29. Kd2 Ke5+ 30. Ke3 h5 31. h3 Ne6 32. Ne2 Nd4 33.
Nxd4 Rxd4 34. g4 h4 35. c3 Rd1 36. b4 Rh1 37. g5 fxg5 38. Kd3 Rg1 39. Ke3 Rg3+ 0-1

[Event "Graz Casino Open 2014"]
[Site "Graz AUT"]
[Date "2014.02.21"]
[Round "9.14"]
[White "Petschar, Kurt"]
[Black "Froewis, Annika"]
[Result "1-0"]
[WhiteTitle "FM"]
[WhiteElo "2317"]
[BlackElo "2021"]
[WhiteFideId "1600478"]
[BlackFideId "1621432"]
[EventDate "2014.02.14"]

1. d4 d5 2. c4 e6 3. Nf3 Nf6 4. e3 Nbd7 5. Bd3 c5 6. O-O Bd6 7. Nc3 a6 8. b3 O-O
9. Bb2 Rb8 10. h3 b6 11. cxd5 exd5 12. Rc1 Bb7 13. Qe2 b5 14. dxc5 Nxc5 15. Rfd1
Re8 16. Nd4 Qb6 17. Qc2 Rbc8 18. Bf5 Rc7 19. Qb1 Rce7 20. Bc2 Be5 21. Nf3 Bb8
22. Ne2 Nce4 23. Ned4 Bc8 24. Bd3 Bd7 25. Qc2 Rc8 26. Qe2 Rce8 27. Rc2 Nh5 28.
Rdc1 Qg6 29. Nc6 Bxc6 30. Rxc6 Re6 31. Rc8 f5 32. Nd4 Re5 33. Rxb8 Rxb8 34. Nc6
Ree8 35. Nxb8 Rxb8 36. Rc7 Re8 37. Qc2 Qg5 38. Qc6 Nhf6 39. Bxe4 Rxe4 40. Rc8+
Kf7 41. Bxf6 Qxf6 42. Qxd5+ Re6 43. Rc6 a5 44. Rxe6 Qxe6 45. Qxb5 1-0

[Event "Graz Casino Open 2014"]
[Site "Graz AUT"]
[Date "2014.02.21"]
[Round "9.15"]
[White "Wittmann, Walter"]
[Black "Goessler, Markus"]
[Result "1/2-1/2"]
[WhiteTitle "IM"]
[WhiteElo "2218"]
[BlackElo "2154"]
[WhiteFideId "1600060"]
[BlackFideId "1633260"]
[EventDate "2014.02.14"]

1. e4 e6 2. d4 d5 3. Nd2 Be7 4. Ngf3 Nf6 5. Bd3 c5 6. exd5 Qxd5 7. dxc5 Qxc5 8.
O-O O-O 9. Qe2 Nbd7 10. Re1 Qc7 11. Ne4 b6 12. Bg5 Bb7 1/2-1/2

[Event "Graz Casino Open 2014"]
[Site "Graz AUT"]
[Date "2014.02.21"]
[Round "9.16"]
[White "Wieser, Andreas1"]
[Black "Jicman, Ligia-Letitia"]
[Result "1/2-1/2"]
[BlackTitle "WIM"]
[WhiteElo "2107"]
[BlackElo "2166"]
[WhiteFideId "1612174"]
[BlackFideId "1201581"]
[EventDate "2014.02.14"]

1. Nf3 c5 2. g3 g6 3. Bg2 Bg7 4. c3 Nc6 5. d4 cxd4 6. cxd4 d5 7. O-O Nf6 8. Nc3
Ne4 9. Qb3 O-O 10. Rd1 Nxc3 11. Qxc3 Bg4 12. Be3 Bxf3 13. Bxf3 e6 14. Kg2 Qb6
15. Rac1 Rfc8 16. Qd2 a5 17. Rc3 a4 18. Rdc1 Re8 19. b3 Bf8 20. bxa4 Bb4 21. Qb2
Qa5 22. Rb3 Qxa4 23. Rb1 Bf8 24. Rxb7 Na5 25. Rb5 Nc4 26. Qb3 Na3 27. Qxa4 Rxa4
28. Rb8 Rxb8 29. Rxb8 Kg7 30. Bf4 Nc4 31. h4 h6 32. Bxh6+ Kxh6 33. Rxf8 Kg7 34.
Rb8 Rxa2 35. Kh3 Rd2 36. g4 Rxd4 37. Rb4 Rd2 38. Kg3 Ne5 39. Rb5 Nc6 40. Rc5 Nd4
41. e3 Nc2 42. g5 Ne1 43. Rc1 Nd3 44. Rd1 Rxd1 45. Bxd1 e5 46. Bb3 d4 47. exd4
exd4 48. f4 Nc5 49. Bd1 f6 50. Kf3 Kf7 51. Bc2 f5 52. Bb1 Kg7 53. Ba2 Ne4 54.
Bd5 Nc5 55. Ke2 Kf8 56. Bc4 Ke7 57. Kf3 Kf8 1/2-1/2

[Event "Graz Casino Open 2014"]
[Site "Graz AUT"]
[Date "2014.02.21"]
[Round "9.19"]
[White "Spelec, Darko"]
[Black "Sadilek, Peter"]
[Result "0-1"]
[BlackTitle "FM"]
[WhiteElo "2036"]
[BlackElo "2244"]
[WhiteFideId "14602423"]
[BlackFideId "1616439"]
[EventDate "2014.02.14"]

1. d4 Nf6 2. c4 e6 3. g3 d5 4. Bg2 Be7 5. Nf3 O-O 6. O-O Nbd7 7. Nbd2 c6 8. Qc2
b6 9. Rd1 Ba6 10. b3 Rc8 11. Bb2 c5 12. Rac1 cxd4 13. Nxd4 b5 14. Qb1 bxc4 15.
bxc4 Qb6 16. Qa1 dxc4 17. Rb1 Bc5 18. Bc3 Qc7 19. Nb5 Bxb5 20. Rxb5 Rb8 21. Rdb1
Rxb5 22. Rxb5 Rb8 23. Qb2 Rxb5 24. Qxb5 Nd5 25. Ba5 Bb6 26. Bxb6 N5xb6 27. Qc6
Qxc6 28. Bxc6 c3 29. Nb3 Ne5 30. Bb5 Nec4 31. Nc1 Na3 32. Bd3 Kf8 33. Kf1 Nd5
34. Ke1 Nb4 35. Kd1 h6 36. h4 Ke7 37. e3 Kd6 38. Ke2 a5 39. Kd1 a4 40. Ke2 Kc5
41. Bh7 Kc4 42. Bg8 c2 43. Bxf7 Kc3 44. Kf3 Kd2 45. Ne2 Nd3 0-1

[Event "Graz Casino Open 2014"]
[Site "Graz AUT"]
[Date "2014.02.21"]
[Round "9.20"]
[White "Zimmermann, Heinz"]
[Black "Gutmann, Alois"]
[Result "1-0"]
[WhiteElo "2177"]
[BlackElo "2050"]
[WhiteFideId "1600559"]
[BlackFideId "1614983"]
[EventDate "2014.02.14"]

1. c4 e5 2. Nc3 Nf6 3. g3 d5 4. cxd5 Nxd5 5. Bg2 Nb6 6. Nf3 Nc6 7. O-O Be7 8. d3
O-O 9. Be3 Re8 10. Na4 f5 11. Rc1 Nxa4 12. Qxa4 Bf6 13. Nd2 Be6 14. Rxc6 bxc6
15. Bxc6 Rf8 16. Bxa8 Qxa8 17. b3 Qd5 18. Rc1 f4 19. Bc5 fxg3 20. Bxf8 gxh2+ 21.
Kxh2 e4 22. Rc5 Qd8 23. Qxe4 Kf7 24. Nf3 h6 25. Rc2 Qxf8 26. Rxc7+ Be7 27. Qf4+
Kg8 28. Qxf8+ Bxf8 29. Rxa7 1-0

[Event "Graz Casino Open 2014"]
[Site "Graz AUT"]
[Date "2014.02.21"]
[Round "9.21"]
[White "Ernst, Michael"]
[Black "Horvath, Reka"]
[Result "1-0"]
[WhiteElo "2163"]
[BlackElo "2034"]
[WhiteFideId "1618393"]
[BlackFideId "724971"]
[EventDate "2014.02.14"]

1. d4 Nf6 2. c4 c5 3. d5 e6 4. Nc3 exd5 5. cxd5 d6 6. e4 g6 7. h3 Bg7 8. Nf3 O-O
9. Bd3 Nh5 10. g4 Nf6 11. Bf4 Re8 12. O-O c4 13. Bc2 Nxg4 14. hxg4 Bxg4 15. Kg2
Qf6 16. Kg3 h5 17. Qe2 g5 18. Bd2 Nd7 19. Qe3 Bxf3 20. Qxf3 Qh6 21. Qf5 Be5+ 22.
Kg2 Nc5 23. Qxg5+ Qxg5+ 24. Bxg5 Bxc3 25. bxc3 Nxe4 26. Bxe4 Rxe4 27. Be3 Kh7
28. Rfd1 Kg6 29. Rd4 Kf5 30. Kf3 Rxd4 31. Bxd4 b5 32. Rh1 a5 33. Rxh5+ Kg6 34.
Rh8 Rxh8 35. Bxh8 b4 36. cxb4 axb4 37. Ke4 f6 38. Kd4 c3 39. Kd3 Kf5 40. a3 c2
41. Kxc2 bxa3 42. Kb3 Ke4 43. Bxf6 Kxd5 44. Kxa3 Ke4 45. Kb2 d5 46. Kc3 Kf3 47.
Bd4 Ke4 48. Be3 1-0

[Event "Graz Casino Open 2014"]
[Site "Graz AUT"]
[Date "2014.02.21"]
[Round "9.22"]
[White "Gaal, Alexander"]
[Black "Stagl, Marco"]
[Result "1-0"]
[WhiteElo "1962"]
[BlackElo "2155"]
[WhiteFideId "1639374"]
[BlackFideId "1604724"]
[EventDate "2014.02.14"]

1. e4 d5 2. exd5 Nf6 3. Bb5+ Bd7 4. Bxd7+ Nbxd7 5. c4 Ne5 6. d4 Ned7 7. Nf3 g6
8. Nc3 Bg7 9. O-O O-O 10. Re1 Re8 11. h3 a5 12. Bf4 c6 13. dxc6 bxc6 14. Ne5 Qb6
15. Na4 Qa6 16. b3 Nf8 17. Nc5 Qb6 18. Qf3 Rac8 19. g4 Red8 20. Be3 h6 21. h4 g5
22. hxg5 hxg5 23. Kg2 Qc7 24. Rh1 N8h7 25. Rad1 e6 26. Qh3 Qe7 27. Ne4 a4 28.
Nxg5 Nxg5 29. Bxg5 c5 30. Bh6 Qf8 31. Bg5 Qe7 32. Bh6 Qf8 33. g5 Ne4 34. Qe3 Nd6
35. dxc5 Nf5 36. Qe4 Rxc5 37. Rxd8 Qxd8 38. Ng4 Nxh6 39. gxh6 Bb2 40. Qe3 Rg5
41. Kh3 Rh5+ 42. Kg2 Rxh1 43. Qg3 Qh4 44. Nf6+ Kf8 45. Qd6# 1-0